Loading...
| Fine Arts - Auditory Fine Arts | 0 | 3 | 0 | 0 | 30 | 123 | 140.00 | 2 | 3 |
| Science - Chemistry | 0 | 3 | 1 | 0 | 25 | 95 | 106.00 | 2 | 3 |
| Fine Arts - Visual Fine Arts | 0 | 3 | 1 | 1 | 25 | 121 | 140.67 | 0 | 3 |
| Literature - World Literature | 0 | 2 | 0 | 1 | 20 | 143 | 147.50 | 0 | 2 |
| Social Science | 0 | 2 | 1 | 0 | 15 | 101 | 104.00 | 1 | 2 |
| Literature - American Literature | 0 | 2 | 1 | 1 | 15 | 111 | 127.00 | 0 | 2 |
| Mythology | 0 | 1 | 0 | 1 | 10 | 149 | 149.00 | 0 | 1 |
| Religion | 0 | 1 | 0 | 1 | 10 | 147 | 147.00 | 0 | 1 |
| Literature - British Literature | 0 | 1 | 0 | 0 | 10 | 146 | 146.00 | 0 | 1 |
| Science - Biology | 0 | 2 | 3 | 0 | 5 | 94 | 97.00 | 0 | 2 |
| Literature - European Literature | 0 | 0 | 0 | 0 | 0 | 0.00 | 0 | 0 | |
| Science - Physics | 0 | 1 | 2 | 0 | 0 | 129 | 129.00 | 0 | 1 |